Normal view
MARC view
- CHEMISTRY-STUDY GUIDE,SOLUTION MANUAL
Entry Topical Term
001 - CONTROL NUMBER
- control field: 75750
003 - CONTROL NUMBER IDENTIFIER
- control field: NUST
005 - DATE AND TIME OF LATEST TRANSACTION
- control field: 20210628205500.0
008 - FIXED-LENGTH DATA ELEMENTS
- fixed length control field: 210628|| aca||aabn | a|a d
040 ## - CATALOGING SOURCE
- Original cataloging agency: NUST
- Transcribing agency: NUST
150 ## - HEADING--TOPICAL TERM
- Topical term or geographic name entry element: CHEMISTRY-STUDY GUIDE,SOLUTION MANUAL
670 ## - SOURCE DATA FOUND
- Source citation: Work cat.: (NUST): Mcquarrie, Carole.H Rock, Peter.A Mcquarrie, Donald.A 75749, General chemistrystudy guide solutions manual to accompany, 1991
